[Event "DEN-chT 2324 61st"]
[Site "Denmark"]
[Date "2024.03.03"]
[Round "7.6"]
[White "Seegert, Kristian"]
[Black "Borge, Nikolaj"]
[Result "0-1"]
[WhiteElo "2211"]
[BlackElo "2392"]
[PlyCount "79"]
[EventDate "2023.10.28"]
[EventType "team-tourn"]
[EventRounds "9"]
[EventCountry "DEN"]
[SourceTitle "CB11_2024"]
[SourceDate "2024.03.13"]
[SourceVersion "1"]
[SourceVersionDate "2024.03.13"]
[SourceQuality "1"]
[WhiteTeam "BMS"]
[BlackTeam "Hillerod"]
[WhiteTeamCountry "DEN"]
[BlackTeamCountry "DEN"]

1. e4 c5 2. Nf3 e6 3. d4 cxd4 4. Nxd4 Nc6 5. Nc3 Qc7 6. Be3 a6 7. Bd3 Nf6 8. 0-0 Nxd4 9. Bxd4 Bd6 10. h3 b5 11. Qe2 e5 12. f4 0-0 13. fxe5 Bxe5 14. Bxe5 Qxe5 15. Rf5 Qd4+ 16. Kh1 d6 17. Rf3 Be6 18. Rd1 Qe5 19. Qf2 Nd7 20. Nd5 Bxd5 21. exd5 Qxb2 22. Qh4 g6 23. Qe7 Rad8 24. Rxf7 Rfe8 25. Qh4 Kxf7 26. Qxh7+ Qg7 27. Bxg6+ Kf8 28. Rf1+ Nf6 29. Qh4 Ke7 30. Qe1+ Kd7 31. Bxe8+ Rxe8 32. Qc3 Re2 33. Qf3 Ne4 34. g4 Qe5 35. Qf7+ Kc8 36. Qf8+ Kc7 37. Rf7+ Kb6 38. Qd8+ Kc5 39. Qc7+ Kb4 40. a3+ 0-1

[Event "DEN-chT 1718 56th"]
[Site "Denmark"]
[Date "2018.03.11"]
[Round "9.1"]
[White "Seegert, Kristian"]
[Black "Bjerre, Jonas Buhl"]
[Result "1/2-1/2"]
[WhiteElo "2241"]
[BlackElo "2354"]
[PlyCount "60"]
[EventDate "2017.11.18"]
[EventType "team-tourn"]
[EventRounds "9"]
[EventCountry "DEN"]
[SourceTitle "EXT 2019"]
[Source "ChessBase"]
[SourceDate "2018.10.10"]
[SourceVersion "1"]
[SourceVersionDate "2018.10.10"]
[SourceQuality "1"]
[WhiteTeam "BMS"]
[BlackTeam "Skanderborg Nordea"]
[WhiteTeamCountry "DEN"]
[BlackTeamCountry "DEN"]

1. e4 c5 2. Nf3 e6 3. d4 cxd4 4. Nxd4 Nc6 5. Nc3 Qc7 6. Be3 a6 7. Bd3 b5 8. Nxc6 Qxc6 9. 0-0 Bb7 10. a3 Nf6 11. Qe2 Rc8 12. Kh1 h5 13. Bd4 Qd6 14. Ba7 Ra8 15. Be3 Ng4 16. f4 Nxe3 17. Qxe3 Qc5 18. Qf3 g6 19. Qe2 Bg7 20. e5 d6 21. Ne4 Bxe4 22. Bxe4 Rd8 23. a4 0-0 24. axb5 axb5 25. Ra5 Rb8 26. exd6 Qxd6 27. Rxb5 Rxb5 28. Qxb5 Rb8 29. Qd3 Qxd3 30. Bxd3 Rxb2 1/2-1/2

[Event "DEN-chT 1718 56th"]
[Site "Denmark"]
[Date "2018.03.10"]
[Round "8.4"]
[White "Christensen, Tobias"]
[Black "Seegert, Kristian"]
[Result "1-0"]
[WhiteElo "2352"]
[BlackElo "2241"]
[PlyCount "51"]
[EventDate "2017.11.18"]
[EventType "team-tourn"]
[EventRounds "9"]
[EventCountry "DEN"]
[SourceTitle "EXT 2019"]
[Source "ChessBase"]
[SourceDate "2018.10.10"]
[SourceVersion "1"]
[SourceVersionDate "2018.10.10"]
[SourceQuality "1"]
[WhiteTeam "Aarhus/Skolerne"]
[BlackTeam "BMS"]
[WhiteTeamCountry "DEN"]
[BlackTeamCountry "DEN"]

1. e4 e5 2. f4 exf4 3. Bc4 Nf6 4. Nc3 Nc6 5. Nf3 Na5 6. Bb5 a6 7. e5 axb5 8. exf6 Qxf6 9. Nxb5 Qb6 10. Qe2+ Be7 11. d4 0-0 12. 0-0 Bf6 13. Nc3 Bxd4+ 14. Nxd4 Qxd4+ 15. Kh1 g5 16. Bd2 Nc4 17. Rad1 Nxb2 18. Nb5 Qc5 19. Rb1 Nc4 20. Bb4 Qe5 21. Qxc4 d6 22. Bc3 Qf5 23. Nxc7 Ra3 24. Rb5 Rxc3 25. Qxc3 Qg6 26. Nd5 1-0

[Event "DEN-chT 1718 56th"]
[Site "Denmark"]
[Date "2018.02.11"]
[Round "7.4"]
[White "Jepson, Christian"]
[Black "Seegert, Kristian"]
[Result "1-0"]
[WhiteElo "2404"]
[BlackElo "2241"]
[PlyCount "97"]
[EventDate "2017.11.18"]
[EventType "team-tourn"]
[EventRounds "9"]
[EventCountry "DEN"]
[SourceTitle "EXT 2019"]
[Source "ChessBase"]
[SourceDate "2018.10.10"]
[SourceVersion "1"]
[SourceVersionDate "2018.10.10"]
[SourceQuality "1"]
[WhiteTeam "Nordkalotten"]
[BlackTeam "BMS"]
[WhiteTeamCountry "DEN"]
[BlackTeamCountry "DEN"]

1. Nf3 d6 2. d4 f5 3. c4 Nf6 4. Nc3 g6 5. Bg5 Bg7 6. Qc2 0-0 7. h3 Nc6 8. 0-0-0 a5 9. a3 Bd7 10. e3 a4 11. Be2 Na5 12. Nd2 c6 13. Qxa4 Ne4 14. Ndxe4 fxe4 15. Bh4 Qb6 16. Qb4 Qa7 17. c5 dxc5 18. dxc5 Be6 19. Bg4 Bf7 20. Kb1 Rfe8 21. Nxe4 Nc4 22. Rd4 Bxd4 23. exd4 b5 24. Bg5 Qb7 25. Nc3 Qc7 26. Rd1 Rad8 27. h4 Kg7 28. b3 Na5 29. d5 Bxd5 30. Bf4 e5 31. Bg5 Bxb3 32. Bxd8 Rxd8 33. Rd6 Bf7 34. Be2 Nb7 35. Rxd8 Qxd8 36. Ne4 Qd5 37. Bf3 Qa2+ 38. Kc1 Qa1+ 39. Kc2 Qa2+ 40. Qb2 Qc4+ 41. Qc3 Na5 42. Nd2 Qa4+ 43. Kb2 Kg8 44. Qb4 Bd5 45. Kc3 Qxb4+ 46. Kxb4 e4 47. Nxe4 Nc4 48. Nf6+ Kf8 49. Nxd5 1-0

[Event "Copenhagen OeBRO op"]
[Site "Copenhagen"]
[Date "2016.12.28"]
[Round "4"]
[White "Seegert, Kristian"]
[Black "Korley, Kassa"]
[Result "0-1"]
[WhiteElo "2255"]
[BlackElo "2377"]
[PlyCount "76"]
[EventDate "2016.12.27"]
[EventType "swiss"]
[EventRounds "7"]
[EventCountry "DEN"]
[SourceTitle "CBM 176 Extra"]
[Source "ChessBase"]
[SourceDate "2017.03.02"]
[SourceVersion "1"]
[SourceVersionDate "2017.03.02"]
[SourceQuality "1"]

1. e4 c6 2. d4 d5 3. e5 Bf5 4. Nf3 e6 5. Be2 Nd7 6. 0-0 Ne7 7. Nbd2 Ng6 8. Nb3 h5 9. Bg5 f6 10. Nh4 fxg5 11. Nxf5 exf5 12. Bxh5 Kf7 13. Qf3 Rxh5 14. Qxh5 Qe8 15. f4 Ke6 16. g4 Ne7 17. fxg5 Qxh5 18. gxh5 c5 19. c3 Nc6 20. Rad1 Be7 21. h4 Rh8 22. Kg2 Rxh5 23. Kg3 cxd4 24. cxd4 Nf8 25. Nc1 Ng6 26. Rh1 Bd8 27. Ne2 Bb6 28. Rh2 Kd7 29. Rhh1 Ke6 30. Rd2 Na5 31. Rd3 Nc4 32. b3 Na5 33. a3 Nc6 34. b4 a6 35. Rh2 Bd8 36. Nc3 Bc7 37. Na4 Nxd4 38. Nc5+ Ke7 0-1

[Event "Copenhagen OeBRO 80th anniv"]
[Site "Copenhagen"]
[Date "2016.10.22"]
[Round "7"]
[White "Mihajlov, Sebastian"]
[Black "Seegert, Kristian"]
[Result "1/2-1/2"]
[WhiteElo "2372"]
[BlackElo "2230"]
[PlyCount "126"]
[EventDate "2016.10.18"]
[EventType "swiss"]
[EventRounds "9"]
[EventCountry "DEN"]
[SourceTitle "CBM 175 Extra"]
[Source "ChessBase"]
[SourceDate "2016.12.12"]
[SourceVersion "1"]
[SourceVersionDate "2016.12.12"]
[SourceQuality "1"]

1. d4 f5 2. c4 Nf6 3. e3 g6 4. Nf3 Bg7 5. b4 0-0 6. Bb2 d6 7. Be2 e6 8. 0-0 Nbd7 9. Qb3 Ne4 10. Nc3 Ndf6 11. Rac1 b6 12. Nxe4 Nxe4 13. c5 bxc5 14. dxc5 Bxb2 15. Qxb2 Rb8 16. Qa3 Qf6 17. Qxa7 Rxb4 18. Qxc7 Rb7 19. Qc6 dxc5 20. Bd3 Rb2 21. Rc2 Bb7 22. Qc7 Rc8 23. Qe5 Rxc2 24. Qxf6 Nxf6 25. Bxc2 Bd5 26. a4 Rb8 27. Rb1 Rxb1+ 28. Bxb1 Nd7 29. Kf1 Kf8 30. Ke2 Nb6 31. Bc2 Ke7 32. Nd2 Kd6 33. a5 Nc4 34. Nxc4+ Bxc4+ 35. Kd2 Kc6 36. Kc3 Bd5 37. Ba4+ Kd6 38. g3 Bb7 39. Bb5 g5 40. f4 h6 41. h4 g4 42. Bc4 Bd5 43. Bb5 Kc7 44. Kb2 Bc6 45. Bd3 Kb7 46. Kb3 Bd5+ 47. Ka4 Kc6 48. Bb5+ Kb7 49. Be8 Bc4 50. Bb5 Bd5 51. Ka3 Kc7 52. Kb2 Bc6 53. Bc4 Bd5 54. Kc3 Kb7 55. Bb5 Kc7 56. Be8 Kd8 57. Bf7 Ke7 58. Bg6 Kd6 59. Kd3 Be4+ 60. Kc3 Bd5 61. Be8 Ke7 62. Ba4 Kd6 63. Bb3 Kc7 1/2-1/2

[Event "Copenhagen OeBRO 80th anniv"]
[Site "Copenhagen"]
[Date "2016.10.21"]
[Round "6"]
[White "Nilsen, Joachim Birger"]
[Black "Seegert, Kristian"]
[Result "1-0"]
[WhiteElo "2415"]
[BlackElo "2230"]
[PlyCount "39"]
[EventDate "2016.10.18"]
[EventType "swiss"]
[EventRounds "9"]
[EventCountry "DEN"]
[SourceTitle "CBM 175 Extra"]
[Source "ChessBase"]
[SourceDate "2016.12.12"]
[SourceVersion "1"]
[SourceVersionDate "2016.12.12"]
[SourceQuality "1"]

1. Nf3 f5 2. d3 Nf6 3. e4 d6 4. Nc3 e5 5. exf5 Bxf5 6. d4 e4 7. Nh4 Qd7 8. f3 Be7 9. Nxf5 Qxf5 10. Be2 exf3 11. Bxf3 Qe6+ 12. Ne2 0-0 13. 0-0 d5 14. Nf4 Qf5 15. c4 c6 16. Nxd5 cxd5 17. Bxd5+ Nxd5 18. Rxf5 Rxf5 19. cxd5 Nd7 20. Qb3 1-0

[Event "Fredericia"]
[Site "Fredericia"]
[Date "2016.05.06"]
[Round "5"]
[White "Olsen, Filip Boe"]
[Black "Seegert, Kristian"]
[Result "1-0"]
[WhiteElo "2190"]
[BlackElo "2249"]
[PlyCount "81"]
[EventDate "2016.05.04"]
[EventType "tourn"]
[EventRounds "9"]
[EventCountry "DEN"]
[EventCategory "4"]
[SourceTitle "CBM 172 Extra"]
[Source "ChessBase"]
[SourceDate "2016.06.21"]
[SourceVersion "1"]
[SourceVersionDate "2016.06.21"]
[SourceQuality "1"]

1. d4 Nf6 2. Nf3 c5 3. c3 d5 4. e3 e6 5. Nbd2 Nbd7 6. Bd3 Bd6 7. 0-0 0-0 8. b3 b6 9. Bb2 Bb7 10. Rc1 Ne4 11. c4 f5 12. cxd5 exd5 13. Ne5 Nxe5 14. dxe5 Be7 15. f4 Nxd2 16. Qxd2 Bc8 17. Be2 Be6 18. Bf3 Qd7 19. Rfd1 Rfd8 20. Rc3 b5 21. Qe2 Rac8 22. h3 c4 23. bxc4 bxc4 24. g4 Qb5 25. Qg2 Rb8 26. gxf5 Bxf5 27. Ba1 Be6 28. Kh2 Kh8 29. Rc2 Bf8 30. Qg5 h6 31. Qg6 Qe8 32. Qxe8 Rxe8 33. Bxd5 Bxd5 34. Rxd5 Rec8 35. Rd7 Bb4 36. Bd4 Bc5 37. Rxc4 Bxd4 38. Rxc8+ Rxc8 39. exd4 a5 40. e6 Kg8 41. d5 1-0

[Event "Fredericia"]
[Site "Fredericia"]
[Date "2016.05.05"]
[Round "3"]
[White "Livner, Anders"]
[Black "Seegert, Kristian"]
[Result "1/2-1/2"]
[WhiteElo "2338"]
[BlackElo "2249"]
[PlyCount "129"]
[EventDate "2016.05.04"]
[EventType "tourn"]
[EventRounds "9"]
[EventCountry "DEN"]
[EventCategory "4"]
[SourceTitle "CBM 172 Extra"]
[Source "ChessBase"]
[SourceDate "2016.06.21"]
[SourceVersion "1"]
[SourceVersionDate "2016.06.21"]
[SourceQuality "1"]

1. c4 e5 2. g3 Nc6 3. Nc3 Bc5 4. Bg2 a6 5. e3 d6 6. Nf3 Nf6 7. 0-0 0-0 8. d4 Ba7 9. h3 Rb8 10. dxe5 Nxe5 11. b3 h6 12. Bb2 Nfd7 13. Nd4 Nc5 14. Nd5 Bd7 15. Bc3 Ng6 16. Ne2 Ne6 17. a4 Re8 18. Kh2 Ng5 19. Qc2 Qc8 20. h4 Ne6 21. Qb2 c6 22. Ndf4 Ngxf4 23. exf4 f6 24. Rad1 Qc7 25. Nd4 Nc5 26. Qc2 Rbd8 27. b4 Ne6 28. Nf5 Bc8 29. Rfe1 a5 30. b5 Bc5 31. Bh3 Nf8 32. Rxe8 Rxe8 33. Qd2 cxb5 34. cxb5 b6 35. Bb2 Rd8 36. Re1 d5 37. Re2 Qf7 38. Qd3 Kh8 39. Qc2 Be6 40. Rd2 Rc8 41. Qd1 Rd8 42. Nd4 Bxh3 43. Kxh3 Ne6 44. Nc6 Rd6 45. f5 Nc7 46. Qg4 Rd7 47. Bd4 Qf8 48. Rc2 Qd6 49. Re2 Rf7 50. Kg2 Qd7 51. Rc2 Qd6 52. Kf3 Na6 53. Qg6 Rf8 54. Re2 Nb4 55. Re7 Rg8 56. Re6 Qf8 57. Bxc5 Qxc5 58. Re8 Nd3 59. Qf7 Qxf2+ 60. Kg4 Rxe8 61. Qxe8+ Kh7 62. Qg6+ Kh8 63. Qe8+ Kh7 64. Qg6+ Kg8 65. Qe8+ 1/2-1/2

[Event "Fredericia"]
[Site "Fredericia"]
[Date "2016.05.05"]
[Round "2"]
[White "Seegert, Kristian"]
[Black "Thybo, Jesper Sondergaard"]
[Result "0-1"]
[WhiteElo "2249"]
[BlackElo "2377"]
[PlyCount "70"]
[EventDate "2016.05.04"]
[EventType "tourn"]
[EventRounds "9"]
[EventCountry "DEN"]
[EventCategory "4"]
[SourceTitle "CBM 172 Extra"]
[Source "ChessBase"]
[SourceDate "2016.06.21"]
[SourceVersion "1"]
[SourceVersionDate "2016.06.21"]
[SourceQuality "1"]

1. e4 c6 2. d4 d5 3. exd5 cxd5 4. c4 Nf6 5. Nc3 Nc6 6. Bg5 Be6 7. a3 g6 8. Bxf6 exf6 9. cxd5 Bxd5 10. Qe2+ Ne7 11. Nxd5 Qxd5 12. Qb5+ Qd7 13. Qxd7+ Kxd7 14. Bc4 Nf5 15. Ne2 Nd6 16. Bd3 f5 17. 0-0 Bg7 18. Rac1 Rac8 19. Rfd1 Bh6 20. f4 Rhe8 21. g3 Bg7 22. Kf2 a6 23. Kf3 b5 24. Rc5 Ne4 25. Bxe4 fxe4+ 26. Ke3 f5 27. b4 Bf8 28. Rcc1 Rxc1 29. Rxc1 a5 30. d5 axb4 31. axb4 Ra8 32. Rb1 Ra3+ 33. Kf2 Bg7 34. Nc1 Kd6 35. Nb3 Kxd5 0-1

[Event "Kolding Sondex Cup Gp3"]
[Site "Kolding"]
[Date "2016.04.10"]
[Round "5"]
[White "Hansen, Lars"]
[Black "Seegert, Kristian"]
[Result "1-0"]
[WhiteElo "2273"]
[BlackElo "2262"]
[PlyCount "55"]
[EventDate "2016.04.08"]
[EventType "tourn"]
[EventRounds "5"]
[EventCountry "DEN"]
[EventCategory "3"]
[SourceTitle "CBM 171 Extra"]
[Source "ChessBase"]
[SourceDate "2016.04.26"]
[SourceVersion "1"]
[SourceVersionDate "2016.04.26"]
[SourceQuality "1"]

1. e4 c5 2. d3 Nc6 3. g3 g6 4. Bg2 Bg7 5. f4 e6 6. Nf3 Nge7 7. 0-0 d5 8. e5 b5 9. Be3 d4 10. Bf2 Rb8 11. Nbd2 0-0 12. Ne4 Qb6 13. Qe2 Bb7 14. h4 Nd5 15. h5 Nce7 16. c4 bxc4 17. dxc4 Ne3 18. Bxe3 Bxe4 19. Bc1 Ba8 20. hxg6 hxg6 21. g4 Rfd8 22. Qd3 Qa6 23. b3 Nc6 24. Ng5 Nb4 25. Qh3 Nc2 26. Qh7+ Kf8 27. f5 Bxg2 28. f6 1-0

[Event "Kolding Sondex Cup Gp3"]
[Site "Kolding"]
[Date "2016.04.09"]
[Round "2"]
[White "Seegert, Kristian"]
[Black "Bjerre, Jonas Buhl"]
[Result "0-1"]
[WhiteElo "2262"]
[BlackElo "2425"]
[PlyCount "74"]
[EventDate "2016.04.08"]
[EventType "tourn"]
[EventRounds "5"]
[EventCountry "DEN"]
[EventCategory "3"]
[SourceTitle "CBM 171 Extra"]
[Source "ChessBase"]
[SourceDate "2016.04.26"]
[SourceVersion "1"]
[SourceVersionDate "2016.04.26"]
[SourceQuality "1"]

1. e4 c5 2. Nf3 e6 3. d4 cxd4 4. Nxd4 Nc6 5. Nc3 Qc7 6. Be3 a6 7. Bd3 b5 8. Nxc6 Qxc6 9. 0-0 Bb7 10. a3 Nf6 11. Qe2 h5 12. h3 h4 13. Rfe1 Bd6 14. Bd4 Bc7 15. Qe3 Nh5 16. Be2 Nf4 17. Bf3 e5 18. Ba7 0-0 19. Nd5 Nxd5 20. exd5 Qg6 21. Bc5 d6 22. Bb4 f5 23. Qb3 e4 24. Be2 Bb6 25. Rf1 f4 26. Bg4 f3 27. c4 fxg2 28. Kxg2 Rf3 29. Qc2 Bc8 30. Rg1 Bxg4 31. hxg4 Qxg4+ 32. Kf1 Qh3+ 33. Ke1 Bxf2+ 34. Qxf2 Rxf2 35. Kxf2 Rf8+ 36. Ke2 Qd3+ 37. Ke1 Qe3+ 0-1

[Event "DEN-ch cand"]
[Site "Svendborg"]
[Date "2016.03.27"]
[Round "6"]
[White "Seegert, Kristian"]
[Black "Bekker Jensen, David"]
[Result "0-1"]
[WhiteElo "2266"]
[BlackElo "2230"]
[PlyCount "122"]
[EventDate "2016.03.22"]
[EventType "swiss"]
[EventRounds "7"]
[EventCountry "DEN"]
[SourceTitle "EXT 2023"]
[Source "ChessBase"]
[SourceDate "2022.10.05"]
[SourceVersion "1"]
[SourceVersionDate "2022.10.05"]
[SourceQuality "1"]

1. e4 c5 2. Nf3 d6 3. d4 cxd4 4. Nxd4 Nf6 5. Nc3 a6 6. Bg5 e6 7. f4 Be7 8. Qf3 Qc7 9. 0-0-0 Nbd7 10. g4 h6 11. Bh4 g5 12. fxg5 Ne5 13. Qe2 Nfxg4 14. h3 hxg5 15. Bg3 Nf6 16. Kb1 Bd7 17. Nf3 Nh5 18. Bh2 Nf4 19. Qe3 Nxf3 20. Bxf4 gxf4 21. Qxf3 Bf6 22. Qxf4 Be5 23. Qd2 Qb6 24. Rc1 Bc6 25. Bg2 0-0-0 26. Qd3 Rhg8 27. Bf3 Rg3 28. b3 f5 29. Rce1 Qc5 30. Nd1 Rxf3 31. Qxf3 Qd4 32. c3 Bxe4+ 33. Qxe4 Qxe4+ 34. Rxe4 fxe4 35. h4 Kd7 36. h5 Ke7 37. Kc2 d5 38. h6 Kf7 39. Ne3 Rc8 40. c4 d4 41. Ng4 Bh8 42. Nf2 e3 43. Ne4 Rg8 44. Rh2 Be5 45. h7 Rd8 46. Rh3 d3+ 47. Kd1 e2+ 48. Ke1 Kg6 49. c5 Rd4 50. Nd2 Bh8 51. Nf3 Rd5 52. Nh4+ Kf7 53. Nf3 Rxc5 54. Kd2 Rd5 55. Rh1 e5 56. Ng5+ Kg6 57. Rg1 e4 58. Nxe4+ Kxh7 59. Ng5+ Rxg5 60. Rxg5 Bc3+ 61. Kxc3 e1Q+ 0-1

[Event "DEN-ch Blitz final Gr 1"]
[Site "Svendborg"]
[Date "2016.03.25"]
[Round "2"]
[White "Hansen, Mads"]
[Black "Seegert, Kristian"]
[Result "0-1"]
[WhiteElo "2297"]
[BlackElo "2266"]
[PlyCount "86"]
[EventDate "2016.03.25"]
[EventType "tourn (blitz)"]
[EventRounds "7"]
[EventCountry "DEN"]
[SourceTitle "EXT 2023"]
[Source "ChessBase"]
[SourceDate "2022.10.05"]
[SourceVersion "1"]
[SourceVersionDate "2022.10.05"]
[SourceQuality "1"]

1. c4 e5 2. g3 Nc6 3. Nc3 Bc5 4. Bg2 a6 5. e3 d6 6. Nge2 Ba7 7. a3 h5 8. h3 Nge7 9. b4 h4 10. g4 f5 11. g5 Ng6 12. f4 exf4 13. exf4 Qe7 14. Nd5 Qf7 15. Bb2 Be6 16. Qa4 b5 17. Qc2 0-0 18. d3 Rab8 19. 0-0-0 a5 20. Bc3 axb4 21. axb4 Nd8 22. Nd4 c6 23. Ne3 Nxf4 24. Bf3 bxc4 25. dxc4 Bxc4 26. g6 Nxg6 27. Nexf5 c5 28. Nxd6 Qf4+ 29. Qd2 cxd4 30. Qxf4 Rxf4 31. Rxd4 Bxd4 32. Bd2 Rxf3 33. Nxc4 Rc8 34. Kd1 Rxc4 35. Ke2 Rf2+ 36. Kd3 Rxd2+ 37. Kxc4 Ne5+ 38. Kb5 Rc2 39. Rd1 Ndc6 40. Ka6 Rb2 41. b5 Ra2+ 42. Kb7 Ra7+ 43. Kc8 Ne7+ 0-1

[Event "DEN-ch Blitz final Gr 1"]
[Site "Svendborg"]
[Date "2016.03.25"]
[Round "1"]
[White "Seegert, Kristian"]
[Black "Thogersen, Rasmus"]
[Result "1-0"]
[WhiteElo "2266"]
[BlackElo "2109"]
[PlyCount "51"]
[EventDate "2016.03.25"]
[EventType "tourn (blitz)"]
[EventRounds "7"]
[EventCountry "DEN"]
[SourceTitle "EXT 2023"]
[Source "ChessBase"]
[SourceDate "2022.10.05"]
[SourceVersion "1"]
[SourceVersionDate "2022.10.05"]
[SourceQuality "1"]

1. e4 c5 2. Nf3 d6 3. d4 cxd4 4. Nxd4 Nf6 5. Nc3 a6 6. Bg5 e6 7. f4 h6 8. Bh4 Qb6 9. Qd2 Qxb2 10. Rb1 Qa3 11. Be2 Nc6 12. 0-0 Be7 13. Bf2 Qa5 14. Be3 0-0 15. Nxc6 bxc6 16. Nd5 Qd8 17. Nxe7+ Qxe7 18. e5 Nd5 19. Bd4 dxe5 20. Bxe5 Rd8 21. Bd3 Qc5+ 22. Kh1 Ne3 23. Rf3 Nc4 24. Qc3 f6 25. Bxf6 gxf6 26. Qxf6 1-0

[Event "DEN-ch cand"]
[Site "Svendborg"]
[Date "2016.03.23"]
[Round "2"]
[White "Seegert, Kristian"]
[Black "Matthiesen, Martin"]
[Result "1/2-1/2"]
[WhiteElo "2266"]
[BlackElo "2396"]
[PlyCount "98"]
[EventDate "2016.03.22"]
[EventType "swiss"]
[EventRounds "7"]
[EventCountry "DEN"]
[SourceTitle "EXT 2023"]
[Source "ChessBase"]
[SourceDate "2022.10.05"]
[SourceVersion "1"]
[SourceVersionDate "2022.10.05"]
[SourceQuality "1"]

1. e4 e5 2. Nf3 Nc6 3. Bb5 a6 4. Ba4 Nf6 5. 0-0 Be7 6. Re1 b5 7. Bb3 0-0 8. h3 d6 9. c3 Nb8 10. d4 Nbd7 11. a4 Bb7 12. Nbd2 c5 13. Bc2 Qc7 14. d5 c4 15. Nf1 Nc5 16. Ng3 g6 17. Bh6 Rfe8 18. Qd2 Nfd7 19. Nh2 Qd8 20. Ng4 Nf6 21. Ne3 Bf8 22. Bxf8 Rxf8 23. axb5 axb5 24. Rxa8 Bxa8 25. Ra1 Bb7 26. Ra7 Kh8 27. h4 h5 28. Nef5 Ng8 29. Qd1 Bc8 30. Ra8 Nf6 31. Qd2 Ng8 32. Nh6 Qf6 33. Nxg8 Kxg8 34. Rb8 Bd7 35. Rxf8+ Kxf8 36. Qg5 Qxg5 37. hxg5 Ke7 38. f3 Kd8 39. Kf2 Kc7 40. Ke3 Na6 41. f4 Nc5 42. f5 Na4 43. Bxa4 bxa4 44. f6 Be8 45. Kd2 Kb6 46. Kc2 Kc5 47. Kd2 h4 48. Nh1 Bd7 49. Nf2 Bc8 1/2-1/2

[Event "Aarhus-chA"]
[Site "Aarhus"]
[Date "2016.02.21"]
[Round "5"]
[White "Hansen, Lars"]
[Black "Seegert, Kristian"]
[Result "1-0"]
[WhiteElo "2271"]
[BlackElo "2238"]
[PlyCount "53"]
[EventDate "2016.02.19"]
[EventType "tourn"]
[EventRounds "5"]
[EventCountry "DEN"]
[SourceTitle "EXT 2019"]
[Source "ChessBase"]
[SourceDate "2018.10.10"]
[SourceVersion "1"]
[SourceVersionDate "2018.10.10"]
[SourceQuality "1"]

1. e4 c5 2. Nc3 Nc6 3. f4 g6 4. Nf3 Bg7 5. Bb5 Nd4 6. 0-0 Nxb5 7. Nxb5 d5 8. exd5 a6 9. Nc3 Nf6 10. d4 Nxd5 11. dxc5 Nxc3 12. Qxd8+ Kxd8 13. bxc3 Bxc3 14. Rb1 Kc7 15. Rb3 Bf6 16. Bd2 Be6 17. Ba5+ Kb8 18. Rd1 Bxb3 19. axb3 b5 20. cxb6 Rc8 21. Rd7 Rxc2 22. Ne5 Bxe5 23. fxe5 Rc1+ 24. Kf2 Rc5 25. Bd2 Rc6 26. Be3 a5 27. e6 1-0

[Event "Fredericia cand"]
[Site "Fredericia"]
[Date "2015.05.10"]
[Round "4"]
[White "Bonnelykke, Ole"]
[Black "Seegert, Kristian"]
[Result "0-1"]
[WhiteElo "2105"]
[BlackElo "2210"]
[PlyCount "44"]
[EventDate "2015.05.08"]
[EventType "swiss"]
[EventRounds "5"]
[EventCountry "DEN"]
[SourceTitle "EXT 2018"]
[Source "ChessBase"]
[SourceDate "2017.10.13"]
[SourceVersion "1"]
[SourceVersionDate "2017.10.13"]
[SourceQuality "1"]

1. e4 c5 2. Nc3 Nc6 3. g3 g6 4. Bg2 Bg7 5. d3 d6 6. Be3 e6 7. Qd2 Rb8 8. f4 Nge7 9. Nf3 Nd4 10. Nd1 b5 11. c3 Nxf3+ 12. Bxf3 b4 13. 0-0 bxc3 14. Nxc3 0-0 15. Rf2 Nc6 16. e5 Nd4 17. Ne4 dxe5 18. Nxc5 exf4 19. Bxf4 Rxb2 20. Qc1 Rxf2 21. Kxf2 Nxf3 22. Kxf3 Qd5+ 0-1

[Event "DEN-ch cand"]
[Site "Svendborg"]
[Date "2015.04.04"]
[Round "5"]
[White "Seegert, Kristian"]
[Black "Bjerre, Jonas Buhl"]
[Result "1-0"]
[WhiteElo "2187"]
[BlackElo "2169"]
[PlyCount "85"]
[EventDate "2015.03.31"]
[EventType "swiss"]
[EventRounds "7"]
[EventCountry "DEN"]
[SourceTitle "EXT 2018"]
[Source "ChessBase"]
[SourceDate "2017.10.13"]
[SourceVersion "1"]
[SourceVersionDate "2017.10.13"]
[SourceQuality "1"]

1. e4 c5 2. Nf3 e6 3. d4 cxd4 4. Nxd4 Nc6 5. Nc3 Qc7 6. Be3 a6 7. Qf3 Nf6 8. 0-0-0 b5 9. e5 b4 10. Ncb5 axb5 11. Nxb5 Qb8 12. exf6 g6 13. Kb1 Ra5 14. Bf4 e5 15. Qd5 exf4 16. Bc4 Nd8 17. Rhe1+ Ne6 18. Qd4 Kd8 19. Bxe6 Qxb5 20. Bxf7 Bc5 21. Qxf4 Rf8 22. Bb3 Qb6 23. f7 Be7 24. Qe4 Qf6 25. Rd3 Bd6 26. Red1 Ra6 27. f3 Rb6 28. Qd5 Qe5 29. Qxd6 Rxd6 30. Rxd6 Kc7 31. R6d4 Qe2 32. Rc1 Bb7 33. Rxb4 d5 34. c4 d4 35. c5 d3 36. c6 Bc8 37. Re4 Qxg2 38. Re7+ Kb6 39. a4 Bf5 40. Ka2 d2 41. Rb7+ Ka6 42. Bc4+ Ka5 43. b4+ 1-0